1334 1604 1170 1234 1849 1021 1870 1261 1529 1034 1378 1039 1818 1551 1686 1002 1265 1339 1635 1221 1516 1695 1471 1486 1596 1190 1221 1302 1551 1499 1243 1257 1107 1944 1170 1224 1406 1071 1876 1878 1078 1445 1298 1340 1600 1086 1340 1350 1942 1189 1458 1798 1333 1742 1428 1681 1688 1807 1873 1836 1987 1315 1266 1774 1960 1319 1376 1282 1988 1920 1643 1921 1727 1317 1876 1071 1075 1188 1052 1550 1925 1430 1987 1010 1735 1388 1531 1709 1037 1858 1179 1774 1316 1596 1924 1381 1014 1148 1523 BCNSPRNW ULIB Ver.6.0+V

เปลี่ยนเป็นภาษาไทย

Change to English
 แสดงรายละเอียดบรรณานุกรม
  กลับหน้าหลัก

Brief Record : Get Marc (ISO 2709) : E-mail record : QR code < ปิดหน้าต่าง
LEADER : 00000nam 2200000uu 4500
001    13399109943
003     ULIB
008    110419s2542||||th 000 0 tha d
020    9742914044
060  4 WX29^bส598น 2542
100 0  กองสาธารณสุขภูมิภาค สำนักงานปลัดกระทรวงสาธารณสุข
245 01 แนวทางการปฏิบัติงานวิชาการในสถานีอนามัย^cกองสาธารณสุขภูมิภาค สำนักงานปลัดกระทรวงสาธารณสุข
260    กรุงเทพฯ:^bโรงพิมพ์ชุมนุมสหกรณ์การเกษตรแห่งประเทศไทย,^c2542
300    133 หน้า:^bภาพประกอบ.
650  7 สถานีอนามัย
945    ^p0^l0^i011548
995    เกษร
999 ^a ใช้งานได้ทุกระบบ
รายการนี้ยังไม่มีแท็ก
คุณยังไม่ได้ล็อกอิน คุณสามารถมีกิจกรรมร่วมกับเว็บไซต์ได้ แต่ต้องล็อกอินก่อน ::
  ล็อกอิน

รายการสื่อสารสนเทศ

ลำดับที่ ประเภท เลขเรียก/บาร์โค้ด สถานที่ สถานะ
- ไม่พบข้อมูล -

BibComment


ยังไม่เคยถูกคอมเมนท์

คอมเมนท์ทรัพยากรรายการนี้
  คอมเมนท์: แนวทางการปฏิบัติง..


 Copyright 2026. Bcnsprnw @Library